000 00730nam a22002657a 4500
003 CHAP
005 20220329141446.0
008 971013s r 00010 d
010 _a68483
011 _a69455
035 _a78931
040 _cCHAP
090 _aB-1003
245 _aSelected references on dry sowing of maize
500 _a(1970-84) (ICRISAT)
500 _a29-120
590 _aBATCH-UPD
_b10
_c20130110
_lUCH01
_h1720
590 _aBATCH-UPD
_b10
_c20130410
_lUCH01
_h1104
590 _aBATCH-UPD
_b10
_c20130914
_lUCH01
_h1754
590 _aCONVERSION
_b10
_c20130109
_lUCH01
_h1338
650 1 4 _aMaĆ­z
_xSiembra.
_971061
901 _aBK
942 _cLIBRO
949 _aB-1003
_bBC
_cBIB
_d-31808
_eBIB
_i78931
_si
999 _c68483
_d68483